| 000 | 00808cam a2200253 4500 | ||
|---|---|---|---|
| 001 | sa 68014644 | ||
| 003 | DLC | ||
| 005 | 20260227112633.0 | ||
| 008 | 700209m19649999ii b 000 0 eng | ||
| 010 | _asa 68014644 | ||
| 025 | _aPL480:I-E-9409 | ||
| 040 |
_aDLC _cDLC _dDLC |
||
| 050 | 0 | 0 |
_aDS485.U64 _bI48 |
| 082 | 0 | 0 | _a911/.54/2 |
| 110 | 1 | _aIndia. | |
| 245 | 0 | 0 | _aReport on the boundary dispute between U.P. and Bihar. |
| 260 |
_a[Delhi, _bManager of Publications] _c1964 [cover 1965]- |
||
| 300 |
_av. _bfold. col. map (in pocket) _c24 cm. |
||
| 350 | _a17.50 (v. 1) | ||
| 500 | _aReport signed: C. M. Trivedi. | ||
| 651 | 0 |
_aUttar Pradesh (India) _xBoundaries _zIndia _zBihar. |
|
| 651 | 0 |
_aBihar (India) _xBoundaries _zIndia _zUttar Pradesh. |
|
| 700 | 1 |
_aTrivedi, Chandulal Madhavlal, _cSir, _d1893- |
|
| 999 |
_c85929 _d85929 |
||